000 00259nam a22001217a 4500
082 _a8222
_bSHA/T
100 _aSHAKESPEARE
245 _aTWELFTH NIGHT
260 _aNEW DELHI
_bS.CHAND & COMPANY LTD.
300 _a73
650 _aPLAY
_zNEW DELHI
942 _cBK
999 _c3515
_d3515